01306cam a2200277 a 450000100100000000500170001000800410002702000290006802000220009702000220011902000220014104000290016308200200019210000640021224500820027626002010035830000170055949000620057650500980063850000570073660000730079365100370086665100230090370000380092683000640096400000731320200929154129.0960201s1994 ck 000 0 spa d a9586120856 (colección) a9586121704 (v. 1) a9586121712 (v. 2) a9586121917 (t. 3) aDO-SdBNPbspacLCbBNPHU a910.9861bB777m1 aBoussingault, Jean Baptiste Joseph Dieudonné,d1802-1887.10aMemorias /cJean Baptiste Boussingault ; prólogo de Germán Carrera Damas. aBogotá :bPresidencia de la República;bComisión Preparatoria para el V Centenario del Descubrimiento de América;bInstituto Colombiano de Cultura;bBiblioteca Nacional de Colombia,c1994. av. ;c24 cm.1 aBiblioteca V Centenario Colcultura. Viajeros por Colombia0 gV. 1.tMemorias 1802-1823. --gV. 2.tMemorias 1823-1832.gV. 3.tMemorias - Correspondencia. aLa biblioteca sólo posee los volúmenes 1, 2 y 3.10aBOUSSINGAULT, JEAN BAPTISTE JOSEPH DIEUDONNÉ,d1802-1887xMEMORIAS 4aColombiaxDescripciones Y Viajes 4aColombiaxHistoria1 aCarrera Damas, Germán,epról. 0aBiblioteca V Centenario Colcultura :pViajeros por Colombia